[Event "IECC M email"]
[Site "IECC email"]
[Date "2002.02.27"]
[Round "?"]
[White "Van Gimst, Herman"]
[Black "Vanbiervliet, Freddy"]
[Result "1/2-1/2"]
[WhiteElo "1521"]
[BlackElo "1600"]
[PlyCount "59"]
[EventDate "2002.??.??"]
[EventType "tourn (corr)"]
[EventRounds "6"]
[SourceTitle "Corr 2008"]
[Source "ChessBase"]
[SourceDate "2008.06.24"]
[SourceVersion "1"]
[SourceVersionDate "2008.06.24"]
[SourceQuality "1"]

1. d4 d5 2. c4 Nf6 3. Nc3 c6 4. Bf4 dxc4 5. e3 Nd5 6. Bxb8 Rxb8 7. Bxc4 Nxc3 8. bxc3 Qa5 9. Qc2 Bf5 10. Qb3 e6 11. 0-0-0 Ba3+ 12. Kd2 0-0 13. Ne2 b5 14. Bd3 Bxd3 15. Kxd3 b4 16. c4 Qf5+ 17. Kd2 Qxf2 18. g3 Rbc8 19. Rdf1 Qg2 20. Kd3 c5 21. Nf4 Qb7 22. Ne2 Rc7 23. Nc3 bxc3 24. Qxa3 Qb4 25. Qxc3 Qxc3+ 26. Kxc3 cxd4+ 27. exd4 Rfc8 28. c5 f6 29. Rb1 e5 30. Rb5 1/2-1/2

[Event "IECC M email"]
[Site "IECC email"]
[Date "2001.03.13"]
[Round "?"]
[White "Gould, Michael"]
[Black "Vanbiervliet, Freddy"]
[Result "1-0"]
[WhiteElo "1716"]
[BlackElo "1611"]
[PlyCount "117"]
[EventDate "2001.??.??"]
[EventType "tourn (corr)"]
[EventRounds "6"]
[SourceTitle "Corr 2008"]
[Source "ChessBase"]
[SourceDate "2008.06.24"]
[SourceVersion "1"]
[SourceVersionDate "2008.06.24"]
[SourceQuality "1"]

1. d4 Nf6 2. Bg5 d5 3. Bxf6 exf6 4. e3 Be7 5. Nf3 0-0 6. c4 Bb4+ 7. Nc3 Be6 8. Qb3 a5 9. a3 Bxc3+ 10. Qxc3 Re8 11. Bd3 c6 12. 0-0 dxc4 13. Bxc4 Bxc4 14. Qxc4 b6 15. Rfe1 b5 16. Qd3 Ra7 17. Rad1 Rae7 18. e4 Qd6 19. d5 a4 20. Qc2 c5 21. Re3 Na6 22. Qe2 Nc7 23. Nh4 g6 24. Nf3 Rd8 25. Red3 Red7 26. Qe3 Qe7 27. Qf4 Ne6 28. Qd2 Rd6 29. Qa5 Nf4 30. Re3 Qd7 31. g3 Nh3+ 32. Kg2 Rc8 33. e5 fxe5 34. Nxe5 Qf5 35. f3 Qg5 36. Re4 Nf4+ 37. Rxf4 Qxe5 38. Qxb5 Rxd5 39. Rxd5 Qxd5 40. Rxa4 Qd2+ 41. Kh3 Qf2 42. Rf4 Rf8 43. b3 g5 44. Rf5 f6 45. Rxc5 Qxf3 46. Rf5 Qe4 47. Qd5+ Qxd5 48. Rxd5 h5 49. Rd2 Kf7 50. a4 Ra8 51. Kg2 Ke6 52. Re2+ Kf5 53. Rc2 Ke4 54. Rc4+ Kd5 55. h4 Rb8 56. Rc3 Rb4 57. Rf3 Ke5 58. Re3+ Kd5 59. hxg5 1-0